Loading...
History - Other History | 0 | 6 | 0 | 2 | 60 | 40 | 83.33 | 1 | 2 |
History - American History | 0 | 5 | 0 | 1 | 50 | 66 | 90.40 | 0 | 2 |
Social Science | 0 | 4 | 0 | 2 | 40 | 67 | 96.25 | 0 | 3 |
History - European History | 0 | 3 | 0 | 1 | 30 | 96 | 118.67 | 0 | 2 |
Religion | 0 | 3 | 0 | 1 | 30 | 47 | 89.67 | 1 | 1 |
Fine Arts - Other Fine Arts | 0 | 2 | 0 | 0 | 20 | 48 | 88.00 | 1 | 1 |
Fine Arts - Visual Fine Arts | 0 | 2 | 0 | 0 | 20 | 58 | 88.50 | 0 | 1 |
Geography/Current Events | 0 | 2 | 0 | 1 | 20 | 93 | 110.50 | 0 | 1 |
History - World History | 0 | 2 | 0 | 0 | 20 | 55 | 62.00 | 0 | 1 |
Mythology | 0 | 2 | 0 | 1 | 20 | 68 | 101.50 | 0 | 0 |
Pop Culture | 0 | 1 | 0 | 1 | 10 | 121 | 121.00 | 0 | 0 |
Science - Other Science | 0 | 1 | 0 | 0 | 10 | 56 | 56.00 | 0 | 0 |
Science - Physics | 0 | 1 | 0 | 0 | 10 | 112 | 112.00 | 0 | 0 |
Literature - European Literature | 0 | 0 | 1 | 0 | -5 | 0.00 | 0 | 0 |